logo

Bir Sreshtho Munshi Abdur Rouf Library
Jhenaidah Cadet College

The Autobiography of Benjamin Franklin : (Record no. 9608)

MARC details
000 -LEADER
fixed length control field 00670nam a2200241 a 4500
001 - CONTROL NUMBER
JCCL Control Number 9608
003 - CONTROL NUMBER IDENTIFIER
JCCL marc code BD-JhCC
005 - DATE AND TIME OF LATEST TRANSACTION
control field 20180320175527.0
008 - FIXED-LENGTH DATA ELEMENTS--GENERAL INFORMATION
fixed length control field 200318s2016 mnu 000 0 eng d
020 ## - INTERNATIONAL STANDARD BOOK NUMBER
International Standard Book Number 9780760349847 (hc w/jacket)
035 ## - SYSTEM CONTROL NUMBER
system control number (BD-JhCC)9608
040 ## - CATALOGING SOURCE
Original cataloging agency BD-JhCC
Description conventions rda
Transcribing agency DLC
Modifying agency BD-JhCC
041 ## - LANGUAGE CODE
Language code of Book eng
082 ## - DEWEY DECIMAL CLASSIFICATION NUMBER
Classification number 928
Author mark and Year FRA 1966
100 1# - MAIN ENTRY--PERSONAL NAME
Personal name Franklin, Benjamin.
245 14 - TITLE STATEMENT
Title The Autobiography of Benjamin Franklin :
Remainder of title the illustrated edition /
Statement of responsibility, etc Benjamin Franklin.
260 ## - PUBLICATION, DISTRIBUTION, ETC. (IMPRINT)
Place of publication, distribution, etc New York :
Name of publisher, distributor, etc Dover Publications, Inc
Date of publication, distribution, etc 1966.
263 ## - PROJECTED PUBLICATION DATE
Projected publication date 1701
300 ## - PHYSICAL DESCRIPTION
Pagination 136 p. :
Dimensions 20 cm.
650 ## - SUBJECT ADDED ENTRY--TOPICAL TERM
Topical term or geographic name as entry element Biography
942 ## - ADDED ENTRY ELEMENTS (KOHA)
Source of classification or shelving scheme Dewey Decimal Classification
Koha item type Books
Holdings
Source of classification or shelving scheme Damaged status Not for loan Home library Current library Shelving location Date of accession Total Checkouts Full call number Barcode Date last seen Copy number Koha item type
Dewey Decimal Classification     JCC Rouf Library JCC Rouf Library General Stacks 03/20/2018   928 FRA 1966 12618 03/20/2018 C-1 Books

JCC Library | Contacts | JCC Home

Last Update on 23 September 2017
Copyright @ 2017-2020 JCC Rouf Library
Rouf Library, Jhenidah Cadet College (JCC), Bangladesh